Great Western Railway stations - Statistics

General Stats
  • This quiz has been taken 34 times
  • The average score is 85 of 262
Answer Stats
County Station % Correct
Wales Swansea
78%
Greater London London Paddington
74%
Wales Newport
74%
Wales Cardiff Central
70%
Devon Plymouth
70%
Devon Exeter St Davids
67%
Gloucestershire Gloucester
67%
Herefordshire Hereford
67%
Oxfordshire Oxford
67%
Berkshire Reading
67%
Gloucestershire Bristol Parkway
63%
City of Bristol Bristol Temple Meads
63%
Cornwall Penzance
63%
Devon Torquay
63%
Berkshire Slough
59%
Wiltshire Swindon
59%
Somerset Weston-super-Mare
59%
Somerset Bath Spa
56%
Devon Exeter Central
56%
Devon Exmouth
56%
Cornwall Truro
56%
Surrey Ash
52%
Devon Barnstaple
52%
Wales Bridgend
52%
Gloucestershire Cheltenham Spa
52%
Wiltshire Chippenham
52%
Oxfordshire Didcot Parkway
52%
Cornwall Newquay
52%
Devon Newton Abbot
52%
Cornwall Par
52%
Wales Severn Tunnel Junction
52%
Wales Neath
48%
Berkshire Newbury
48%
Devon Paignton
48%
Wiltshire Salisbury
48%
Cornwall St Ives
48%
Somerset Taunton
48%
Devon Teignmouth
48%
Devon Totnes
48%
Wales Carmarthen
44%
Somerset Castle Cary
44%
Devon Exeter St Thomas
44%
West Sussex Gatwick Airport
44%
Herefordshire Ledbury
44%
Wales Llanelli
44%
Berkshire Maidenhead
44%
Wales Port Talbot Parkway
44%
Cornwall Saltash
44%
Cornwall St Austell
44%
Cornwall St Erth
44%
Gloucestershire Stroud
44%
Devon Tiverton Parkway
44%
Devon Torre
44%
Worcestershire Worcestershire Parkway
44%
City of Bristol Avonmouth
41%
Oxfordshire Banbury
41%
Hampshire Basingstoke
41%
City of Bristol Bedminster
41%
Wiltshire Bradford-on-Avon
41%
Somerset Bridgwater
41%
Devon Dawlish
41%
Devon Dawlish Warren
41%
Greater London Ealing Broadway
41%
Gloucestershire Moreton-in-Marsh
41%
Devon Okehampton
41%
Hampshire Portsmouth Harbour
41%
Cornwall Redruth
41%
Devon Starcross
41%
Dorset Weymouth
41%
Worcestershire Worcester Foregate Street
41%
Cornwall Camborne
37%
Worcestershire Evesham
37%
Cornwall Falmouth Docks
37%
Cornwall Falmouth Town
37%
Gloucestershire Filton Abbey Wood
37%
Somerset Frome
37%
Oxfordshire Henley-on-Thames
37%
Gloucestershire Kemble
37%
Somerset Keynsham
37%
Cornwall Liskeard
37%
Cornwall Looe
37%
Devon Lympstone Commando
37%
Devon Lympstone Village
37%
Hampshire Portsmouth & Southsea
37%
Berkshire Reading West
37%
Gloucestershire Severn Beach
37%
Hampshire Southampton Central
37%
Berkshire Windsor & Eton Central
37%
Worcestershire Worcester Shrub Hill
37%
Somerset Yeovil Pen Mill
37%
Wiltshire Avoncliff
33%
Cornwall Bodmin Parkway
33%
Buckinghamshire Bourne End
33%
Somerset Bruton
33%
Berkshire Burnham
33%
Gloucestershire Cam & Dursley
33%
Devon Crediton
33%
Oxfordshire Culham
33%
Somerset Freshford
33%
Worcestershire Great Malvern
33%
Greater London Greenford
33%
Surrey Guildford
33%
Cornwall Gunnislake
33%
Worcestershire Honeybourne
33%
Buckinghamshire Iver
33%
Devon Ivybridge
33%
Buckinghamshire Marlow
33%
Worcestershire Pershore
33%
Devon Portsmouth Arms
33%
Surrey Redhill
33%
Surrey Reigate
33%
Greater London Southall
33%
Cornwall St Germans
33%
Berkshire Twyford
33%
Wiltshire Warminster
33%
Wiltshire Westbury
33%
Greater London West Ealing
33%
Somerset Worle
33%
Gloucestershire Yate
33%
Oxfordshire Appleford
30%
Gloucestershire Ashchurch for Tewkesbury
30%
Devon Axminster
30%
Hampshire Eastleigh
30%
Devon Eggesford
30%
Devon Exton
30%
Oxfordshire Goring & Streatley
30%
Greater London Hayes & Harlington
30%
Cornwall Hayle
30%
Berkshire Langley
30%
Cornwall Lostwithiel
30%
Devon Marsh Barton
30%
Berkshire Newbury Racecourse
30%
Somerset Oldfield Park
30%
Cornwall Penryn
30%
Gloucestershire Pilning
30%
Hampshire Southampton Airport Parkway
30%
Greater London South Greenford
30%
City of Bristol Stapleton Road
30%
Devon St Budeaux Ferry Road
30%
Devon St James Park
30%
Gloucestershire Stonehouse
30%
Wiltshire Trowbridge
30%
Greater London West Drayton
30%
Somerset Yatton
30%
Wiltshire Bedwyn
26%
Devon Bere Alston
26%
Cornwall Calstock
26%
Cornwall Carbis Bay
26%
Devon Chapelton
26%
Oxfordshire Charlbury
26%
Oxfordshire Cholsey
26%
City of Bristol Clifton Down
26%
Herefordshire Colwall
26%
Oxfordshire Combe
26%
Cornwall Coombe Junction Halt
26%
Hampshire Cosham
26%
Devon Digby & Sowton
26%
Wiltshire Dilton Marsh
26%
Dorset Dorchester West
26%
Surrey Dorking West
26%
Devon Honiton
26%
Berkshire Hungerford
26%
Oxfordshire Kingham
26%
City of Bristol Lawrence Hill
26%
Cornwall Lelant
26%
Worcestershire Malvern Link
26%
Devon Morchard Road
26%
Somerset Nailsea & Backwell
26%
Devon Newton St Cyres
26%
City of Bristol Parson Street
26%
Cornwall Penmere
26%
Wiltshire Pewsey
26%
Cornwall Quintrell Downs
26%
Oxfordshire Radley
26%
Berkshire Reading Green Park
26%
Cornwall Roche
26%
Buckinghamshire Taplow
26%
Berkshire Thatcham
26%
Berkshire Theale
26%
Devon Topsham
26%
Berkshire Aldermaston
22%
City of Bristol Ashley Down
22%
Devon Bere Ferrers
22%
Greater London Castle Bar Park
22%
Berkshire Cookham
22%
Devon Devonport
22%
Surrey Dorking Deepdene
22%
Greater London Drayton Green
22%
Hampshire Fareham
22%
Hampshire Farnborough North
22%
Devon Feniton
22%
Oxfordshire Finstock
22%
Hampshire Fratton
22%
Devon Kings Nympton
22%
Northamptonshire Kings Sutton
22%
Devon Lapford
22%
Cornwall Lelant Saltings
22%
Cornwall Luxulyan
22%
Dorset Maiden Newton
22%
Wiltshire Melksham
22%
City of Bristol Montpelier
22%
Devon Newcourt
22%
Berkshire Pangbourne
22%
Gloucestershire Patchway
22%
Wales Pembrey & Burry Port
22%
Devon Pinhoe
22%
Devon Polsloe Bridge
22%
City of Bristol Redland
22%
City of Bristol Sea Mills
22%
Surrey Shalford
22%
City of Bristol Shirehampton
22%
City of Bristol St Andrews Road
22%
Devon St Budeaux Victoria Road
22%
Cornwall St Keyne Wishing Well Halt
22%
Devon Umberleigh
22%
Somerset Weston Milton
22%
Berkshire Wokingham
22%
Hampshire Bramley
19%
Cornwall Bugle
19%
Devon Copplestone
19%
Devon Dockyard
19%
Berkshire Furze Platt
19%
Oxfordshire Hanborough
19%
Somerset Highbridge & Burnham
19%
Devon Keyham
19%
Cornwall Menheniot
19%
Berkshire Midgham
19%
Berkshire Mortimer
19%
Surrey North Camp
19%
Cornwall Perranwell
19%
Hampshire Romsey
19%
Berkshire Sandhurst
19%
Cornwall Sandplace
19%
Oxfordshire Shiplake
19%
Oxfordshire Shipton
19%
Cornwall St Columb Road
19%
Berkshire Tilehurst
19%
Dorset Upwey
19%
Berkshire Wargrave
19%
Berkshire Winnersh
19%
Devon Yeoford
19%
Dorset Yetminster
19%
Oxfordshire Ascott-under-Wychwood
15%
Surrey Betchworth
15%
Hampshire Blackwater
15%
Hampshire Botley
15%
Cornwall Causeland
15%
Dorset Chetnole
15%
Devon Cranbrook
15%
Berkshire Crowthorne
15%
Surrey Gomshall
15%
Berkshire Kintbury
15%
City of Bristol Portway Park & Ride
15%
Oxfordshire Tackley
15%
Dorset Thornford
15%
Wales Ferryside
11%
Hampshire Hedge End
11%
Oxfordshire Heyford
11%
Wales Kidwelly
11%
Hampshire Portchester
11%
Surrey Wanborough
11%
Surrey Chilworth
7%
No matching quizzes found
Score Distribution
Percent of People with Each Score
Percentile by Number Answered
Your Score History
You have not taken this quiz